Un prefacio a la economía urbana

Guardat en:
Dades bibliogràfiques
Autor principal: Thompson, Wilbur R (Autor)
Format: Llibre
Idioma:espanyol
Publicat: Barcelona Gustavo Gili 1971
Col·lecció:Ciencia Urbanística
Matèries:
Etiquetes: Afegir etiqueta
Sense etiquetes, Sigues el primer a etiquetar aquest registre!

MARC

LEADER 00000nam a2200000 a 4500
001 UCU2668
003 CL-VaPUC
008 960426e19710000SP |||||||||||||||||spa|d
082 0 4 |a 333.77  |b THO  |2 21 
100 0 |a Thompson, Wilbur R  |e author  |9 359013 
245 1 3 |a Un prefacio a la economía urbana 
300 |a 521 p 
942 |c BK 
945 |d 19960426 00:00:00  |a paguirre 
260 |a Barcelona  |b Gustavo Gili  |c 1971 
650 0 |a Economía   |9 255568 
650 0 |a Zonas urbanas  |9 337776 
650 0 |a Ciudades  |9 265474 
650 0 |a Política económica   |9 255029 
650 0 |a Pobreza  |9 258652 
650 0 |a Desarrollo económico y social   |9 256320 
583 |a last modification  |c 19960426 00:00:00  |k Rodrigo Vera 
490 0 |a Ciencia Urbanística 
999 |c 246905  |d 246903 
952 |0 0  |1 0  |4 0  |6 333_770000000000000_THO_1971  |7 0  |8 A  |9 262264  |a BIBING  |b BIBING  |d 2019-11-19  |i 1642847  |o 333.77 THO 1971  |p 1642847  |r 2025-01-20  |w 2019-11-19  |y BK  |k GEO 
952 |0 0  |1 0  |4 0  |6 333_770000000000000_THO_1971  |7 0  |8 A  |9 262265  |a BIBING  |b BIBING  |d 2019-11-19  |i 1642715  |o 333.77 THO 1971  |p 1642715  |r 2025-01-20  |w 2019-11-19  |y BK  |k GEO 
952 |0 0  |1 0  |4 0  |6 333_770000000000000_THO_1971  |7 0  |8 A  |9 262266  |a BIBING  |b BIBING  |d 2019-11-19  |i 1735276  |o 333.77 THO 1971  |p 1735276  |r 2025-01-20  |w 2019-11-19  |y BK  |k TRA